78 Babynamen der Woche 39/25' - Statistiken

Allgemein
  • Dieses Quiz wurde 9 mal gespielt
  • Das Durchschnittsergebnis liegt bei 19 aus 78
Antwortstatistiken
📍 Vorname % Korrekt
D.n..l ♂️ Daniel
75%
D.v.d ♂️ David
75%
L.o ♂️ Lio
75%
El.a.o.e ♀️ Eleanore
63%
F.l.z.t.s ♀️ Felizitas
63%
I.o ♂️ Ivo
63%
J.h.n.a ♀️ Johanna
63%
J.s.f..e ♀️ Josefine
63%
K.r.n ♀️ Karen
63%
Am.l.a ♀️ Amelia
50%
An.e.e ♀️ Anneke
50%
C.a.l.t.e ♀️ Charlotte
50%
D.l.a ♀️ Dalya
50%
El.a ♀️ Elea
50%
I.a ♀️ Ida
50%
Jo.a ♂️ Jona
50%
L.t.a ♀️ Lotta
50%
N.t..n..l ♂️ Nathaniel
50%
P.v.l ♂️ Pavel
50%
R.e ♀️ Rae
50%
Aa..y.h | A.i.a ♀️ Aaliyah | Aliya
38%
A.g.l ♀️ Angel
38%
J.c.y ♀️ Jacky
38%
L.a.a ♀️ Leana
38%
L.a.a ♀️ Liana
38%
Ma.d.l..a ♀️ Magdalena
38%
M.c.a.l ♂️ Michael
38%
O.c.r ♂️ Oscar
38%
S. ♀️ Su
38%
C.l.t.e ♀️ Colette
25%
Fl.r.n.e ♀️ Florence
25%
K.r.l..a ♀️ Karolina
25%
Ka.l.e ♀️ Kaylee
25%
M.r.o ♂️ Mario
25%
P.i.c.l.a ♀️ Priscilla
25%
R.s.l..n ♀️ Roselynn
25%
Z.e ♀️ Zoe
25%
Am.l..n ♂️ Amilian
13%
Ar.e..a ♀️ Ariella
13%
Ar.z..a ♀️ Arizona
13%
B.v.r.y ♀️ Beverly
13%
D.b..e ♀️ Debbie
13%
G.e.d.l..e ♀️ Gwendoline
13%
J.n.e ♂️ Jenne
13%
Jo.v.n ♂️ Jorven
13%
Jo.v.n ♂️ Jorvin
13%
K.r.s ♀️ Karys
13%
Ma.m.d ♂️ Mahmud
13%
M.j.s.y ♂️ Majesty
13%
Ma.o ♂️ Maro
13%
Ma.s ♂️ Mats
13%
N.m.a ♂️ Nemia
13%
T.r.k ♂️ Tarek
13%
W.n.f..d ♀️ Winifred
13%
Yr.n.e ♀️ Yrenne
13%
A.t.n.a ♀️ Aitanna
0%
Ar.e.a ♀️ Areeba
0%
Es.b..a ♀️ Esabela
0%
Il.a ♀️ Ilja
0%
Ke.e ♂️ Keke
0%
K.k..i ♀️ Kokomi
0%
L.n.a ♀️ Lynna
0%
Ma.l..n ♀️ Majleen
0%
N.s.a ♀️ Nesma
0%
P.s.i ♂️ Pisti
0%
Po.r.z ♂️ Poyraz
0%
Pr.c.o.s ♀️ Precious
0%
Ru.i ♀️ Rumi
0%
S.r.n..y ♀️ Serenity
0%
S.e.a ♀️ Siena
0%
S.c.l.a ♀️ Sycylia
0%
T.m.o ♂️ Tammo
0%
T.x.a.c..s ♂️ Taxiarchis
0%
Te.o ♂️ Telo
0%
Th.a ♀️ Thea
0%
V.i..a ♀️ Vaiana
0%
Vi.l.t ♀️ Violet
0%
Z.r.l.a ♂️ Zerelda
0%
Keine übereinstimmenden Quizze gefunden
Verteilung der Resultate
Anzahl Personen mit jedem Resultat
Perzentil nach korrekt beantworteten Fragen
Ihre Resultats-Entwicklung
Sie haben dieses Quiz noch nicht gespielt